LEADER 00969nam0 2200265 450 001 000017743 005 20081017130559.0 100 $a20081017d2006----km-y0itay50------ba 101 0 $aita 102 $aIT 105 $ay-------001yy 200 1 $a<>storia delle telecomunicazioni$eattraverso le immagini dell'Ufficio storico della Marina militare$fG. Abbatangelo ... [et al.] 210 $aRoma$cRivista marittima$d2006 215 $a85 p.$cill.$d24 cm 225 2 $a<<[>>Supplemento alla Rivista marittima<<]>> 300 $aMostra tenuta a Livorno nel 2005 410 0$12001$a<<[>>Supplemento alla Rivista marittima<<]>> 610 1 $aTelecomunicazioni$aStoria 676 $a384$v21$9Comunicazioni e telecomunicazioni 702 1$aAbbatangelo,$bGiovanni 801 0$aIT$bUNIPARTHENOPE$c20081017$gRICA$2UNIMARC 912 $a000017743 951 $aRIMAS 623/6-2006$bs.i.$cPIST$d2008 996 $aStoria delle telecomunicazioni$91080050 997 $aUNIPARTHENOPE LEADER 01441nas 2200433- 450 001 9910765510003321 005 20230419213018.0 011 $a2836-6611 035 $a(OCoLC)1372557986 035 $a(CKB)5580000000525915 035 $a(CONSER)--2023200512 035 $a(EXLCZ)995580000000525915 100 $a20230314a20229999 --- a 101 0 $amul 135 $aur||||||||||| 181 $ctxt$2rdacontent 182 $cc$2rdamedia 183 $acr$2rdacarrier 200 00$aCircus: arts, life & sciences 210 1$aAnn Arbor, Michigan :$cMichigan Publishing,$d2022- 300 $aCreated by the Circus Arts Research Platform (CARP) and published by the University of Michigan Library. 330 $aA non-profit, peer-reviewed, open-access journal that disseminates cutting-edge research and promotes diverse practices in the circus arts across disciplinary boundaries. 517 1 $aCircus: arts, life and sciences 517 1 $aCALS 606 $aCircus$vPeriodicals 606 $aArts$vPeriodicals 606 $aArts$2fast$3(OCoLC)fst00817721 606 $aCircus$2fast$3(OCoLC)fst00861646 608 $aPeriodicals.$2fast 615 0$aCircus 615 0$aArts 615 7$aArts. 615 7$aCircus. 676 $a791.3 712 02$aUniversity of Michigan.$bLibrary, 906 $aJOURNAL 912 $a9910765510003321 996 $aCircus: arts, life & sciences$93647098 997 $aUNINA